Statistieken voor Canada Trivia Quiz

Klik hier om de quiz te nemen!

Algemene statistieken

  • Deze quiz is 98 keer genomen
  • De gemiddelde score is 10 van 20

Antwoordstatistieken

HintAntwoord% Correct
HoofdstadOttawa
95%
Merendeel Frans-sprekende provincieQuebec
91%
Meest bevolkte stadToronto
84%
Meest bevolkte stad in het hierbovenstaandeMontreal
77%
Wie is, officieel, het staatshoofd
van Canada
Koningin Elizabeth II
68%
Meest populaire sportIJshockey
67%
Meest bevolkte provincieOntario
63%
Premier gekozen in 2015Justin Trudeau
63%
Object op de Canadese vlag{Esdoorn} blad
59%
Land dat verantwoordelijk is voor de meest immigrantenChina
53%
VolksliedO Canada
45%
Nationaal dierBever
40%
Kleinste provinciePrins Edwardeiland
36%
Oudste nationaal parkBanff
35%
Grootste eilandBaffineiland
33%
Hoogste alleenstaand gebouwCN Tower
31%
Viking-nederzetting opgericht
rond 1000 na Christus
{Vin}land
29%
Feestdag dat wordt geviert op de tweede
maandag van oktober
Thanksgiving
28%
Canadese delicatesse gemaakt van patat,
jus en wrongel
Poutine
27%
Vogel dat op de Canadese 1 dollar munt staatIJsduiker
13%

Scoreverdeling

Percentiel versus Aantal Correcte Antwoorden

Procent van Mensen met Elke Score

Uw Scoregeschiedenis

U heeft deze quiz nog niet genomen